| 000 | 00789nam a22002297a 4500 | ||
|---|---|---|---|
| 005 | 20250403161017.0 | ||
| 010 | _aENG-144506 | ||
| 020 |
_c850.00 _a9789390996438 |
||
| 035 | _aEN-128038 | ||
| 037 | _bDBAD | ||
| 082 | _a363 | ||
| 100 |
_aC Suresh _980244 |
||
| 245 |
_aBusiness Enviroment and Technological Innovation-Emerging Trends/ _cC Suresh...[et.al] |
||
| 250 | _a1 | ||
| 260 |
_bArchers & Elevators Publishing House _aBangalore _c2021 |
||
| 270 |
_a131 AGB Lay Out, 6"Cross, Hesaraghatta,Main Road _bBangalore _e560090 _k9164362263 _marcherselevators@gamail.com |
||
| 300 |
_a202p. _c25cm(pb) |
||
| 700 |
_aM. Ganesh Babu _eAuthor _980245 |
||
| 700 |
_aSomani, Parin _eAuthor _980246 |
||
| 700 |
_aNagarjuna, B. _eAuthor _980247 |
||
| 942 |
_2ddc _cEN _h363 _mCSU |
||
| 999 |
_c210758 _d210758 |
||